Welcome to CU Library Online Public Access Catalogue (OPAC)

HUMAN ADJUSTMENT (Record no. 4380)

MARC details
000 -LEADER
fixed length control field 00548nam a22001937a 4500
003 - CONTROL NUMBER IDENTIFIER
control field OSt
005 - DATE AND TIME OF LATEST TRANSACTION
control field 20250226165327.0
008 - FIXED-LENGTH DATA ELEMENTS--GENERAL INFORMATION
fixed length control field 250226b |||||||| |||| 00| 0 eng d
020 ## - INTERNATIONAL STANDARD BOOK NUMBER
International Standard Book Number 9780697171993
040 ## - CATALOGING SOURCE
Transcribing agency CENTRAL UNIVERSITY LIBRARY
100 ## - MAIN ENTRY--PERSONAL NAME
Personal name SIMONS, J.A.
245 ## - TITLE STATEMENT
Title HUMAN ADJUSTMENT
260 ## - PUBLICATION, DISTRIBUTION, ETC.
Place of publication, distribution, etc. MADISON, WISCONSIN. DUBUQUE, LOWA
Name of publisher, distributor, etc. WCB BROWN AND BENCHMARK PUBLISHERS
Date of publication, distribution, etc. 1994
300 ## - PHYSICAL DESCRIPTION
Extent xxiii, 517 pages
Dimensions 27.5 cm
490 ## - SERIES STATEMENT
Materials specified PSYCHOLOGY
600 ## - SUBJECT ADDED ENTRY--PERSONAL NAME
Source of heading or term PSYCHOLOGY
700 ## - ADDED ENTRY--PERSONAL NAME
Personal name KALICHMAN, S. SANTROCK J. W.
942 ## - ADDED ENTRY ELEMENTS (KOHA)
Source of classification or shelving scheme Library of Congress Classification
Koha item type Books
Suppress in OPAC No
Holdings
Withdrawn status Lost status Source of classification or shelving scheme Damaged status Not for loan Home library Current library Shelving location Date acquired Total checkouts Full call number Barcode Date last seen Copy number Price effective from Koha item type
    Library of Congress Classification     Business Library (Miotso) Business Library (Miotso) General stacks 02/26/2025   BF 335 SIM BSSM00001026 02/26/2025 2 02/26/2025 Books
    Library of Congress Classification     Business Library (Miotso) Business Library (Miotso) General stacks 02/26/2025   BF 335 SIM BSSM00001023 02/26/2025 1 02/26/2025 Books
    Library of Congress Classification     Business Library (Miotso) Business Library (Miotso) General stacks 02/26/2025   BF 335 SIM BSSM00001025 02/26/2025 3 02/26/2025 Books
    Library of Congress Classification     Business Library (Miotso) Business Library (Miotso) General stacks 02/26/2025   BF 335 SIM BSSM00001028 02/26/2025 4 02/26/2025 Books
© 2023-2024 Copyright: Central University Libraries. All Rights Reserved | Created by: Mahone Tech Office